Hướng dẫn sử dụng và đánh giá trẻ theo bộ chuẩn phát triển trẻ em dưới 5 tuổi

Gorde:
Xehetasun bibliografikoak
Egile nagusia: Phan, Lan Anh
Beste egile batzuk: Trần, Thu Hòa
Formatua: Liburua
Argitaratua: H. Giáo dục Việt Nam 2015
Edizioa:Tái bản lần thứ hai
Gaiak:
Etiketak: Etiketa erantsi
Etiketarik gabe, Izan zaitez lehena erregistro honi etiketa jartzen!
Thư viện lưu trữ: Trung tâm Học liệu Lê Vũ Hùng, Trường Đại học Đồng Tháp
LEADER 00909pam a22002658a 4500
001 00038352
005 20171026081025.0
008 170515s2015 ||||||Viesd
041 0 # |a Vie 
082 1 4 |a 372.21  |b H561D 
100 1 # |a Phan, Lan Anh 
245 1 0 |a Hướng dẫn sử dụng và đánh giá trẻ theo bộ chuẩn phát triển trẻ em dưới 5 tuổi  |c Phan Lan Anh, Trần Thu Hòa 
250 # # |a Tái bản lần thứ hai 
260 # # |a H.  |b Giáo dục Việt Nam  |c 2015 
300 # # |a 59 tr.  |c 27 cm 
653 # # |a Phát triển 
653 # # |a Đánh giá 
653 # # |a trẻ em 
700 1 # |a Trần, Thu Hòa 
852 # # |b Kho mượn  |j KM.0021603 
852 # # |b Kho đọc  |j KD.0020555 
852 # # |j KD.0020555  |j KM.0021603 
910 |d 15/05/2017 
980 # # |a Trung tâm Học liệu Lê Vũ Hùng, Trường Đại học Đồng Tháp